Complex variables and applications (Record no. 7806)

000 -LEADER
fixed length control field 00528nam a2200193 4500
001 - CONTROL NUMBER
control field 7806
003 - CONTROL NUMBER IDENTIFIER
control field BD-DhUET
008 - FIXED-LENGTH DATA ELEMENTS--GENERAL INFORMATION
fixed length control field 141213b/xxu||||| |||| 00| 0 eng d
040 ## - CATALOGING SOURCE
Original cataloging agency DLC
Language of cataloging DLC
Transcribing agency BD-DhUET
082 ## - DEWEY DECIMAL CLASSIFICATION NUMBER
Edition number 1st ed.
Classification number 517.8
Item number CHU/1974
100 ## - MAIN ENTRY--PERSONAL NAME
Personal name Churchill , Ruel V.
245 ## - TITLE STATEMENT
Title Complex variables and applications
Statement of responsibility, etc. by Ruel V. Churchill
250 ## - EDITION STATEMENT
Edition statement 1st ed.
260 ## - PUBLICATION, DISTRIBUTION, ETC. (IMPRINT)
Place of publication, distribution, etc. Newyork
Name of publisher, distributor, etc. McGraw Hill
Date of publication, distribution, etc. 1974
300 ## - PHYSICAL DESCRIPTION
Extent IX, 293 p .
Other physical details col. ill.
504 ## - BIBLIOGRAPHY, ETC. NOTE
Bibliography, etc includes bibliographies
650 #0 - SUBJECT ADDED ENTRY--TOPICAL TERM
Topical term or geographic name as entry element Math complex variable
942 ## - ADDED ENTRY ELEMENTS (KOHA)
Koha item type General Book
Holdings
Piece designation (barcode) Shelving location Withdrawn status Copy number Location (home branch) Koha full call number Lost status Price effective from Koha item type Koha normalized classification for sorting Koha date last seen Source of classification or shelving scheme Damaged status Date acquired Koha date last borrowed Sublocation or collection (holding branch) Koha issues (times borrowed) Not for loan
52888Circulation section 1Central Library, BUET517.8/CHU/1974 2014-12-13General Book517_800000000000000_CHU_19742014-12-13  2014-12-13 Central Library, BUET  
52890Circulation section 2Central Library, BUET517.8/CHU/1974 2014-12-13General Book517_800000000000000_CHU_19742014-12-13  2014-12-13 Central Library, BUET  
67791Circulation section 3Central Library, BUET517.8/CHU/1974 2014-12-13General Book517_800000000000000_CHU_19742016-12-20  2014-12-132016-07-13Central Library, BUET1 
52886Circulation section 4Central Library, BUET517.8/CHU/1974 2014-12-13General Book517_800000000000000_CHU_19742024-09-15  2014-12-132024-09-01Central Library, BUET2 
7363Circulation section 5Central Library, BUET517.8/CHU/1974 2014-12-13General Book517_800000000000000_CHU_19742014-12-13  2014-12-13 Central Library, BUET